Történelmi esély, vagy, Négy nehéz év? a Fidesz nem tudott változtatni a depresszív kampányán, a választók pedig nem voltak vevők pesszimista üzenetekre

Bibliographic Details
Main Author: Kiss, Tibor Noé (Author)
Format: Article
Language:Hungarian
PhysicalDescription:Fotogr.
Subjects:

MARC

LEADER 00000nab a2200000 ar4500
001 vtls008954196
003 SK-MaSNL
005 20260319071316.0
008 060622c20060425xo |||||||| 000 b|hun
015 |a SNBRB2006/06  |2 snkbucl 
038 |a SNKBUCL 
040 |a DSZK  |b slo  |c DSZK  |e AACR2 
041 0 |a hun 
044 |a xo  |c SK 
080 |a 323  |x (439)  |2 1997 
080 |a 324:342.53  |x (439)  |2 1997 
080 |a 342.53  |x (439)  |2 1997 
100 1 |a Kiss, Tibor Noé  |4 aut  |9 1050269 
245 1 0 |a Történelmi esély, vagy, Négy nehéz év?  |b a Fidesz nem tudott változtatni a depresszív kampányán, a választók pedig nem voltak vevők pesszimista üzenetekre  |c Kiss Tibor Noé 
300 |b Fotogr. 
650 0 7 |a parlamentné voľby  |z Maďarsko  |y 2006  |2 snkbucl  |9 1064942 
650 0 7 |a vnútorná politika  |2 snkbucl  |9 970 
651 7 |a Maďarsko  |x vnútorná politika  |2 snkbucl  |9 74585 
773 0 |t Új szó  |g Évf. 59, sz. 95 (25.4.2006), o. 6 
852 |a SNK  |b KIS3GCP 
852 |a DSZK  |b KIS3GCP 
958 |a HU 
999 |c 1754785  |d 1756715